000 00797nam a2200253Ia 4500
003 OSt
005 20220925233722.0
006 a|||||r|||| 00| 0
007 ta
008 220923b |||||||| |||| 00| 0 eng d
020 _a9788126133673
_c637.5
037 _b905, 18/03/2014, Pranami Book Service
_cGeneral Book
040 _aRTL
_cRTL
_beng
041 _2eng
_aeng
082 _aX5:(D6,9(B),2776.2, P7
100 _aTRIPATHI Vishwas
_9299305
245 0 _aE-Governance in India.
260 _a New Delhi
_bAnmol Publications
_c2007
300 _avi,264p.
_ccm.
500 _aBibliography chapterwise
650 _aCommerce
942 _hX5:(D6,9(B),2776.2, P7
_cGB
_2CC
999 _c594410
_d594410